书目信息 |
| 题名: |
营销策划技能案例训练手册2.0
|
|
| 作者: | 孙科炎 主编 | |
| 分册: | ||
| 出版信息: | 北京 机械工业出版社 2013 |
|
| 页数: | 219页 | |
| 开本: | 25cm | |
| 丛书名: | ||
| 单 册: | ||
| 中图分类: | F274 | |
| 科图分类: | ||
| 主题词: | 企业管理--营销策划--教材 , 企业管理 , 营销策划 | |
| 电子资源: | ||
| ISBN: | 978-7-111-40664-8 | |
| 000 | 01156nam0 22002771 450 | |
| 001 | 524 | |
| 005 | 20140909092125.62 | |
| 010 | @a978-7-111-40664-8@dCNY36.00 | |
| 100 | @a20130225d2013 em y0chiy50 ea | |
| 101 | 0 | @achi |
| 102 | @aCN@b110000 | |
| 105 | @ay z 000yy | |
| 106 | @ar | |
| 200 | 1 | @a营销策划技能案例训练手册2.0@AYing Xiao Ce Hua Ji Neng An Li Xun Lian Shou Ce 2.0@dTraining manual for market-planning skills training coursebooks on MBA cases@f孙科炎主编@FSun Ke Yan Zhu Bian@zeng |
| 210 | @a北京@c机械工业出版社@d2013 | |
| 215 | @a219页@d25cm | |
| 300 | @aMBA式案例训练教程 | |
| 330 | @a本书采用了主题与案例并行的方式,强调寓“理”于“景”,生动地阐释主题意旨,以“技能+案例+训练”的形式从实际工作需要的角度出发,突出对营销策划技能的提炼以及对如何获得技能的指导,给出了掌握并运用技能的各种训练方法。 | |
| 510 | 1 | @aTraining manual for market-planning skills training coursebooks on MBA cases@zeng |
| 606 | 0 | @a企业管理@x营销策划@j教材 |
| 606 | 0 | @a企业管理 |
| 606 | 0 | @a营销策划 |
| 690 | @aF274@v5 | |
| 701 | 0 | @a孙科炎@ASun Ke Yan@g(管理)@4主编 |
| 801 | 0 | @aCN@bTANGWEI@c20140603 |
| 905 | @b0837198-200@dF274@e1065@f3 | |
| 营销策划技能案例训练手册2.0=Training manual for market-planning skills training coursebooks on MBA cases/孙科炎主编.-北京:机械工业出版社,2013 |
| 219页;25cm |
| MBA式案例训练教程 |
| ISBN 978-7-111-40664-8:CNY36.00 |
| 本书采用了主题与案例并行的方式,强调寓“理”于“景”,生动地阐释主题意旨,以“技能+案例+训练”的形式从实际工作需要的角度出发,突出对营销策划技能的提炼以及对如何获得技能的指导,给出了掌握并运用技能的各种训练方法。 |
| ● |
| 相关链接 |
|
|
|
|
正题名:营销策划技能案例训练手册2.0
索取号:F274/1065
 
预约/预借
| 序号 | 登录号 | 条形码 | 馆藏地/架位号 | 状态 | 备注 |
| 1 | 0837198 | 208371983 | 第一样本阅览室/ [索取号:F274/1065] | 在馆 | |
| 2 | 0837199 | 208371992 | 密集书库-海洋学院/ [索取号:F274/1065] | 在馆 | |
| 3 | 0837200 | 208372009 | 第一借阅区/ [索取号:F274/1065] | 在馆 |